000 00662nam a2200253Ia 4500
003 OSt
005 20220928131413.0
006 a|||||r|||| 00| 0
007 ta
008 220927b |||||||| |||| 00| 0 eng d
024 _a78911
037 _cTextual
040 _aSDCL
_cSDCL
_beng
041 _2eng
_aeng
082 _aG:424, P1
100 _aTortora Gerald J
_9477955
245 0 _aMicrobiology
_b An introduction.
250 _a7
260 _aSan
_bFrancisco Benjamin/Cummings
_c2001
300 _axxiv,887p+Disk
_ccm.
650 _aMicrobiology
942 _hG:424, P1
_cTEXL
_2CC
999 _c790458
_d790458